000 01245nmm a2200337 a 4500
001 ocm0002347950
003 TR-IsHL
005 20201028185043.0
008 190901s2017 tu tur
007 cr cn
020 _a9786059898430
035 _a2347950
_b(N$T)
050 0 4 _aDD247.H58
_bK38 2017
090 0 4 _aDD247.H58
_bK38 2017
100 1 _aHitler, Adolf,
245 1 0 _aKavgam =
_bMein Kampf
_h[electronic resource] /
_cAdolf, Hitler ; Almanca aslından çeviren M. Selman Uğurlu
260 _aİsanbul :
_bBerre Yayınları,
_c2017
300 _a632 p.
650 4 _aTarih
650 4 _aHistory
650 0 _aHitler, Adolf, 1889-1945
650 0 _aAlman Nasyonal Sosyalist İşçi Partisi
650 0 _aNationalsozialistische Deutsche Arbeiter-Partei
650 0 _aAlmanya
_x Politika ve idare
_x 20. Yüzyıl
650 0 _aGermany
_x Politics and government
_x 20th century
650 0 _aDevlet başkanları
_x Almanya
_x Biyografi
650 0 _aHeads of state
_x Germany
_x Biography
650 7 _aBIOGRAPHY & AUTOBIOGRAPHY / Presidents & Heads of State
_2bisacsh
700 1 _aUğurlu, M. Selman
856 4 0 _uhttp://search.ebscohost.com/login.aspx?direct=true&scope=site&db=e011xww&AN=2347950
999 _c21284
_d21284